Option Valuation Analyzing and Pricing Standardized Option Contracts
Salvato in:
| Autore principale: | |
|---|---|
| Natura: | Libro |
| Lingua: | inglese |
| Pubblicazione: |
New York
MacGraw-Hill
1991
|
| Edizione: | 1. ed. |
| Soggetti: | |
| Tags: |
Nessun Tag, puoi essere il primo ad aggiungerne!!
|
MARC
| LEADER | 00000nam a2200000 4500 | ||
|---|---|---|---|
| 001 | c014369 | ||
| 005 | 20221206114827.6 | ||
| 020 | |a 0-07-023447-7 | ||
| 041 | 0 | |a eng | |
| 044 | |a US | ||
| 245 | 1 | 0 | |a Option Valuation |b Analyzing and Pricing Standardized Option Contracts |c Rajna Gibson |
| 250 | |a 1. ed. | ||
| 264 | 1 | |a New York |b MacGraw-Hill |c 1991 | |
| 300 | |a 304 s. | ||
| 610 | 2 | 0 | |a opcie |
| 610 | 2 | 0 | |a ceny |
| 610 | 2 | 0 | |a modely matematické |
| 610 | 2 | 0 | |a kontrakty |
| 100 | 1 | |a Gibson, Rajna | |